000 01337nam a2200241 i 4500
001 91952
003 ES-MaACL
005 20230906180849.0
007 t|
008 050309m19962003sp ||||1| spa d
020 _a84-8138-135-7
080 _a611.018(460)"18"
100 1 _aGonzález Santander, Rafael.
_958959
245 1 3 _aLa escuela histológica española /
_cRafael González Santander.
260 _a[Alcalá de Henares] :
_bUniversidad de Alcalá, Servicio de Publicaciones,
_c1996-2003.
300 _a6 v. :
_bil. ;
_c24 cm.
505 8 _aContiene: 1. Comienzos y antecedentes - 2. La Sociedad Española de Histología - 3. Oposiciones a cátedras de histología y anatomía patológica, currículum académico y científico de sus catedráticos (1873-1950) - 4. Expansión y repercusión internacional, Cajal, Río Hortega y sus discípulos - 5. Oposiciones a cátedras de histología y anatomía patológica, currículum académico y científico de sus catedráticos (1950-1976) / Rafael González Santander, Marta González-Santander Martínez - 6. El Instituto Cajal (1920-1935)
610 2 4 _aSociedad Española de Histología.
_9172572
610 2 _aInstituto Cajal.
_9172571
650 4 _aHistología-
_zEspaña.
_9172570
700 1 _aGonzález-Santander Martínez, Marta.
_958960
852 _aES-MaACL
_jL-29005-10
999 _c91952
_d91952